KATSEYE quiz (Only for EYEKONS!) - Statistics

General Stats
  • This quiz has been taken 666 times
    645 since last reset
  • The average score is 38 of 120
Answer Stats
Pregunta Answer % Correct
How many members are in Katseye? Six
99%
What is their first song Debut
82%
Who is the leader? Sophia
73%
Who is the visual? Manon
72%
Who is the main vocal? Lara
72%
Who is the all rounder? Megan
72%
What is Yoonchae’s representative color? Pink
72%
Who is the main dancer? Daniela
71%
Who is the Maknae? Yoonchae
71%
What is Lara’s representative color? Green
70%
What is Sophia’s representative color? Purple
70%
What is their first EP? SIS (Soft Is Strong)
70%
What is their second EP? Beautiful Chaos
66%
What is Daniela’s representative color? Sky blue
65%
What is Manon’s representative color? Yellow
65%
Wich country was Yoonchae born? South Korea
56%
What company are they under? Hybe&Geffen
54%
What is Megan’s representative color? Peach
54%
What is Lara’s last name? Rajagolapan
50%
At wich academy did they train? Dream Academy
48%
What color was Megan’s hair in SIS? Light Orange
48%
What color was Megan’s hair in Beautiful Chaos? Pink
47%
Wich country was Lara born? United States
47%
Wich country was Manon born? Switzerland
45%
Wich year did Katseye debut? 2024
43%
Wich country was Daniela born? Unites States
43%
Wich country was Megan born? Unites States
43%
Who was in first place in Dream Academy? Sophia
42%
Who was in second place in Dream Academy? Lara
41%
Which member appeared in Got Talent as a child? Daniela
40%
What is Sophia’s second last name? Laforteza
40%
Who was in sixth place in Dream Academy? Manon
40%
Who was in fourth place in Dream Academy? Megan
40%
Who was in third place in Dream Academy? Yoonchae
40%
Who was in fifth place in Dream Academy? Daniela
39%
What is Manon’s second last name? Bannerman
38%
What is Megan’s representative dream charm? Dual Cherry
38%
Complete the sentence: I can’t read i’m… DYSLEXIC!
38%
Wich country was Sophia born? United States
38%
What is Daniela’s first last name? Avanzini
37%
What is Manon’s first name? Meret
37%
What is Sophia’s second name? Elizabeth
36%
What is the first word in Debut? La-la-la-la-la-la-la-la
35%
Where is Yoonchae’s family from? South Korea
35%
Which member trained the longest before debuting? Megan
34%
What is Yoonchae’s representative dream charm? Shooting Shell
34%
What is Megan’s last name? Skiendiel
34%
What is Yoonchae’s last name? Jeung
33%
What is the first word in Touch? Touch
33%
What is Lara’s representative dream charm? Limitless Key
32%
What is Sophia’s representative dream charm? Dream Anchor
31%
What is Daniela’s representative dream charm? Guardian Shield
31%
What is the first word in Gabriela? Hot
31%
Name a Sophia’s pet Zayn/Zora/Zumi/Yoonchae/Charlie/Chanel/Wonie/Barry/Boyo
31%
Where is Lara’s mom from? India
30%
What is Manon’s representative dream charm? Stellar Tiara
30%
What is the first word in Gnarly? They
30%
Which member is the first in Famous Birthdays? Yoonchae
30%
Name a soloist of Dream Academy Adéla/Iliya/Karlee/Brooklyn/Abby
29%
What is the first word in Internet Girl? Haven’t
29%
What is Megan’s second name? Meiyok
29%
Where is Megan’s mom from? China and Singapore
28%
What is the first word in My Way? Wake
28%
Who apeared in ‘So You Think You Can Dance’? Daniela
27%
What things is Megan allergic to? Grass/Cats/Cinnamon
27%
What is the first word in Gameboy? Tell
27%
What is the first word in Mean Girls? God
26%
What is Sophia’s first last name? Guevara
26%
What it’s Katseye’s unreleased song? Internet Girl
26%
Who claims to speak spanish but doesn’t? Manon
26%
Who had a Youtube channel as a child? Megan
25%
What is Daniela’s second name? Andrea
24%
What Katseye’s song says the word ‘emoji’? Internet Girl
24%
What’s the name of Lara’s sister? Rhea Rajagolapan
24%
Who says ‘Eat Zucchini’? Daniela/Megan/Manon
23%
Who was first ranked in the start of Dream Academy? Megan
23%
Who collaborated recently with Yeonjun? Daniela
22%
Who was the first to be eliminated in Dream Academy? Hinari/Adéla
21%
What is Manon’s first last name? Sarpong
21%
What is Daniela’s second last name? Llorente
20%
What is the first word in M.I.A? I’ll
19%
Who used to draw girls smoking pre-debut? Manon
19%
Who has a cat named Spoon? Manon
19%
Who says: This isn’t beer, it is…? Megan
19%
Who has a actress mom? Sophia
19%
Where is Manon’s mom from? Switzerland and Italy
19%
Wich member is left-handed? Yoonchae
19%
Where is Daniela’s mom from? Cuba
18%
Who left Dream Academy? Lexie
18%
Who says ‘Jealous lf my dumplings’? Yoonchae
18%
Where is Sophia’s family from? Phillipines
17%
Where is Manon’s dad from? Ghana
16%
Who always gets hit by Yoonchae’s hair? Lara
16%
Who fell during musical chairs? Yoonchae
16%
What is the first word in I’m Pretty? Heartbreak
15%
What is the first word in Tonight I Might? There’s
15%
Where is Daniela’s dad from? Venezuela
15%
Who collects photocards of Jungwon? Sophia
14%
Who was the first eliminated in Popstar Academy? Abby
13%
Who used to write sings at 5 years old? Manon
13%
Which member of Dream Academy is in “Say My Name”? Mei
13%
Wich TXT member did they collaborated with? Yeonjun
12%
What is Daniela’s mother name? Ana
11%
What is Megan’s mother first name? Sylvia
11%
In what city was Megan born? Honolulu
10%
Who had posters of ‘Rolling Stones’ in her room pre-debut? Megan
10%
Where is Lara’s dad from? Sri Lanka
10%
What is the first word in Monster High Fright Song? Ha
9%
Where is Megan’s dad from? Sweden
9%
What is the first word in Time Lapse? We’ve
6%
What is Sophia’s mother first name? Carla
5%
Who in Dream Academy named Yoonchae "YC"? Karlee
5%
Who was Daniela’s dance partner as a child? Yasha
5%
Who at Popstar Academy saw a couple break up from the window? Abby
4%
How it’s named the father of Daniela? Rafael
4%
Who is a chef? Sophia’s father
4%
How it’s named the full name of Sophia’s older brother? Basil Luke Gregory Guevara Laforteza
1%
What is the real name of Marquise of Dream Academy? Jadenipit
1%
How it’s named the old Youtube channel of Megan’s mom? @alamoanatennis
0%
What was Sophia’s favorite animal as a child? Owl
0%
No matching quizzes found
Score Distribution
Percent of People with Each Score
Percentile by Number Answered
Your Score History
You have not taken this quiz since the last reset